| 000 | 00765cam a22001935a 4500 | ||
|---|---|---|---|
| 001 | L141122 | ||
| 008 | 071029s1866 xxk eng u | ||
| 035 | _a(Sirsi) u141122 | ||
| 110 | 2 |
_aHarrison and Son _95425 |
|
| 245 | 0 | 0 |
_aMaid's Morton near Buckingham _bhighly desirable and most advantageously situated freehold and tithe free estate with homestead in the village, to be sold by auction by Messrs. Harrison and Son on Friday the 25th day of May, 1866... |
| 260 |
_aS.l. _bs.n. _c[1866] |
||
| 300 |
_a1 sheet _c43 x 35 cm. |
||
| 340 | _aPrinted | ||
| 351 | _cSingle item | ||
| 500 | _aItem presented by C. L. Smith. | ||
| 651 | 4 | _aBuckinghamshire | |
| 690 | _aPROPERTY-PROPERTY ACQUISITION AND DISPOSAL-ACQUISITION AND DISPOSAL AT AUCTION | ||
| 942 | _n0 | ||
| 999 |
_c116610 _d116610 |
||